000 00619nam a2200229Ia 4500
001 2995
003 GE_BSU
008 181216s||||||||xx |||||||||||||| ||und||
040 _cGE_BSU
080 _a66.01/07(075.8)
245 _aПроцессы и аппараты химической и нефте-химической технологии
245 _bУчебник
245 _cРед.Р.Е.Миневич
250 _a3-е изд,перераб.И.Доп.
260 _aМ
260 _bХимия
260 _c1987
300 _a496 стр.
300 _bилл.
300 _c22см
942 _cBK
999 _c37041
_d37041